000
00460nam a2200145Ia 4500
008
100204s9999 xx 000 0 und d
082
_b
5593
100
_a
बोरकर बालकृष्ण भगवंत
245
_a
प्रियकामा
260
_b
"सुरेश एजन्सी , पुणे"
_c
1983
300
_a
192
630
_a
प्रियकामा
730
_a
प्रियकामा
942
_c
BOOK
999
_c
450163
_d
450160